000 00467 a2200157 4500
003 NUST
005 20230321174726.0
040 _cNust
082 _a954.912,FAR
100 _aFarooq Khan, Dr Muhammad
_9110996
245 _aIkiswi Sadi aur Pakistan / اکیسویں صدی اور پاکستان (Urdu) /
_cDr Muhammad Farooq Khan
260 _aLahore
_bJang Publisher
_c1998
300 _a391:p.
650 _aPakistan History
_97198
942 _2ddc
_cBK
_k954.912,FAR
999 _c187863
_d187863